00773 2200241 4500001002100000005001700021008004100038020001800079035002400097040001200121082001100133084001700144100003100161245018600192250001000378260003100388300001900419650002900438700001700467700001700484850001200501990001800513INLIS00000000002215120160824171314.0 ind  a979-963-731-7 0010-081600000000508 aYOPDYOG a297.23 a297.23 Arr C aAR-RAIS, Al-Husain Mustafa aCara menghadirkan surga ke rumahmu...: membangkitkan mindset baiti jannah dari segala sisi keluarga andacAl-Husain Mustafa Ar-Rais ; alih bahasa Imam Khoiri ; penyunting Anas Yusuf aCet.1 aYogjakartabGarailmuc2009 a342 hlmc20 cm aKehidupan beragama Islam aKhoiri, Imam aYusuf, Annas aYOPDYOG a41251-PD/A.10